Finance. / (Record no. 8230)

MARC details
000 -LEADER
fixed length control field 01567nam a22002297a 4500
003 - CONTROL NUMBER IDENTIFIER
control field OSt
005 - DATE AND TIME OF LATEST TRANSACTION
control field 20211209120352.0
008 - FIXED-LENGTH DATA ELEMENTS--GENERAL INFORMATION
fixed length control field 120530t xxu||||| |||| 00| 0 eng d
024 ## - OTHER STANDARD IDENTIFIER
Standard number or code 1453901091314
040 ## - CATALOGING SOURCE
Transcribing agency LC
050 ## - LIBRARY OF CONGRESS CALL NUMBER
Classification number HG4026.F49
245 ## - TITLE STATEMENT
Title Finance. /
Statement of responsibility, etc. Wayne Adlam ...{et al.]
246 ## - VARYING FORM OF TITLE
Title proper/short title BUS 3303 - September 2012
260 ## - PUBLICATION, DISTRIBUTION, ETC.
Place of publication, distribution, etc. London, Ontario:
Name of publisher, distributor, etc. Ivey Business School,
Date of publication, distribution, etc. 2012.
300 ## - PHYSICAL DESCRIPTION
Extent [various pagings].:
Other physical details ill.;
490 ## - SERIES STATEMENT
Materials specified Business case studies
505 ## - FORMATTED CONTENTS NOTE
Formatted contents note Contents: Ben & Jerry's homemade -- Dell Inc. - investment strategy -- WorldCom, Inc.: Corporate bond issuance -- Border's hotel Corp. -- Blaine kitchenware, Inc.: capital structure -- Telus corporation: capital structure management -- Alex Sharpe's portfolio -- Diversification, the capital asset pricing model and the cost of equity capital -- Encana corporation: the cost of capital -- Schools brief: unlocking corporate finance -- Best practices in estimating the cost of capital: survey and synthesis -- Midland energy resources, Inc.: cost of capital -- What price risk? -- Oxford learning centres Inc.: the Childtime alternative -- Corporate valuation and market multiples -- Crocs, Inc. -- Rosetta stone: pricing the 2009 IPO -- The process of "Going Public" in the United States -- Mercury athletic footwear: valuing the opportunity -- The Empire company limited - the Oshawa group limited proposal -- Methods of valuation for mergers and acquisitions --<br/><br/>
653 ## - INDEX TERM--UNCONTROLLED
Uncontrolled term Finance
700 ## - ADDED ENTRY--PERSONAL NAME
Fuller form of name Adlam, Wayne
710 ## - ADDED ENTRY--CORPORATE NAME
Subordinate unit Ivey Business School
942 ## - ADDED ENTRY ELEMENTS (KOHA)
Source of classification or shelving scheme Library of Congress Classification
Koha item type Books
Holdings
Withdrawn status Lost status Source of classification or shelving scheme Damaged status Not for loan Home library Current library Shelving location Date acquired Serial Enumeration / chronology Full call number Barcode Date last seen Copy number Price effective from Koha item type Public note
    Library of Congress Classification     WISCONSIN INTERNATIONAL UNIVERSITY COLLEGE, GHANA KUMASI LIBRARY WISCONSIN INTERNATIONAL UNIVERSITY COLLEGE, GHANA KUMASI LIBRARY General Stacks 08/11/2019 FIN/Adl HG4026.F491 K/1679/1679/19 08/12/2021 2 08/12/2021 Books Part of Ivey Collection. Shelved alphabetically by title
    Library of Congress Classification     WISCONSIN INTERNATIONAL UNIVERSITY COLLEGE, GHANA KUMASI LIBRARY WISCONSIN INTERNATIONAL UNIVERSITY COLLEGE, GHANA KUMASI LIBRARY General Stacks 11/11/2019 FIN/Adl HG4026.F49 K/1892/1892/19 19/07/2022 1 08/12/2021 Books Part of Ivey Collection. Shelved alphebetically by title

If you have any concerns or questions; kindly contact the library


© Powered by WIUC ICT DIRECTORATE